Linear algebra with applications

Αποθηκεύτηκε σε:
Λεπτομέρειες βιβλιογραφικής εγγραφής
Κύριος συγγραφέας: Leon, Steven J.
Μορφή: Βιβλίο
Γλώσσα:English
Δημοσίευση: New York : London : Macmillan, Collier Macmillan, c1986
Έκδοση:2nd ed.
Θέματα:
Ετικέτες: Προσθήκη ετικέτας
Δεν υπάρχουν, Καταχωρήστε ετικέτα πρώτοι!

MARC

LEADER 00000cam a2200000 i 4500
001 1/57857
008 941103s1986 eng d
020 |a 0023698101 
035 |l 10045808 
040 |a GR-MY-UA  |b gre  |e aacr 
041 0 |a eng 
082 0 |a 512.5  |2 (19) 
100 1 |a Leon, Steven J. 
245 1 0 |a Linear algebra with applications /  |c Steven J. Leon 
250 |a 2nd ed. 
260 |a New York :   |a London :   |b Macmillan,   |b Collier Macmillan,   |c c1986 
300 |a xv, 408 p.;  |b ill.;  |c 26 cm 
500 |a Includes index 
650 0 0 |a Algebras, Linear. 
852 |a INST  |b SAMOS  |e 19941103  |h 512.5 LEO  |p 005300001600  |q 005300001600  |t BK  |y 0 
909 |a Σ  |b 010073